000 00545nam a2200217Ia 4500
003 OSt
005 20220928151055.0
006 a|||||r|||| 00| 0
007 ta
008 220927b |||||||| |||| 00| 0 eng d
024 _a112080
037 _cTextual
040 _aSDCL
_cSDCL
_beng
041 _2eng
_aeng
082 _aO-,3M43,2:gx, J8
100 _aBuitenhuis Peter
_9516418
245 0 _aPortrait of a Lady.
260 _c1958
942 _hO-,3M43,2:gx, J8
_cTEXL
_2CC
999 _c848904
_d848904